Score 0/25 Timer 05:00
1 Play Today
Initials Answer % Correct
P.O.Pacific Ocean
95.2%
W.V.West Virginia
95.2%
B.A.Big Apple
94%
I.H.ice hockey
94%
N.M.New Mexico
93.5%
M.L.Mona Lisa
92.9%
H.G.Holy Ghost
88.8%
T.S.Tom Sawyer
85.3%
F.E.fire extinguisher
85%
G.F.grand finale
84.2%
D.C.Dallas Cowboys
81.4%
E.D.election day
81%
Q.P.quantum physics
76.9%
Initials Answer % Correct
R.Q.rhetorical question
74.8%
J.I.Julio Iglesias
66.9%
S.R.Silk Road
64.9%
X.W.X-Wing
63.1%
K.J.King John
55.7%
C.B.cocoa butter
55.1%
V.U.Velvet Underground
53.4%
L.K.love knot
52.1%
Y.X.Young X-Men
49.2%
O.N.ordinal number
48.4%
Z.Y.zinc yellow
32%
U.T.U Thant
24.6%
Remove Ads.
Support Sporcle.
Get the best of Sporcle when you Go Orange. This ad-free experience offers more features, more stats, and more fun while also helping to support Sporcle. Thank you for becoming a member.

You're not logged in!

Compare scores with friends on all Sporcle quizzes.
OR
Log In

Show Comments

Extras

Top Quizzes Today


Score Distribution

Your Account Isn't Verified!

In order to create a playlist on Sporcle, you need to verify the email address you used during registration. Go to your Sporcle Settings to finish the process.

Report this User

Report this user for behavior that violates our Community Guidelines.

Details: